Busines communications / (Record no. 129325)

MARC details
000 -LEADER
fixed length control field 00689nam a22002297a 4500
005 - DATE AND TIME OF LATEST TRANSACTION
control field 20170124110054.0
010 ## - LIBRARY OF CONGRESS CONTROL NUMBER
LC control number 941542
020 ## - INTERNATIONAL STANDARD BOOK NUMBER
International Standard Book Number 0706907531
Terms of availability 00.00
035 ## - SYSTEM CONTROL NUMBER
System control number 941542
037 ## - SOURCE OF ACQUISITION
Source of stock number/acquisition Cen Lib/Ret
040 ## - CATALOGING SOURCE
Original cataloging agency DPL
Language of cataloging EN
082 ## - DEWEY DECIMAL CLASSIFICATION NUMBER
Classification number 651.7
Item number BAL
100 ## - MAIN ENTRY--PERSONAL NAME
Personal name Balasubrahmanyanm, M.
9 (RLIN) 138430
245 ## - TITLE STATEMENT
Title Busines communications /
Statement of responsibility, etc by M. Balasubrahmanyanm
260 ## - PUBLICATION, DISTRIBUTION, ETC. (IMPRINT)
Place of publication, distribution, etc New Delhi
Name of publisher, distributor, etc Vikas Publishing House
Date of publication, distribution, etc 1979
270 ## - ADDRESS
Address 5,Ansari Road
City New Delhi
Postal code 110002
300 ## - PHYSICAL DESCRIPTION
Extent 243p.
Dimensions 20cm(Hb)
500 ## - GENERAL NOTE
General note Include glossary and index
650 ## - SUBJECT ADDED ENTRY--TOPICAL TERM
Topical term or geographic name as entry element Telecommunication
9 (RLIN) 138431
650 ## - SUBJECT ADDED ENTRY--TOPICAL TERM
Topical term or geographic name as entry element Communication in management
9 (RLIN) 138432
942 ## - ADDED ENTRY ELEMENTS (KOHA)
Source of classification or shelving scheme Dewey Decimal Classification
Koha item type English Books
Classification part 651.7
Call number suffix BAL
Holdings
Withdrawn status Lost status Damaged status Not for loan Home library Current library Date acquired Source of acquisition Cost, normal purchase price Total Checkouts Full call number Barcode Date last seen Date checked out Copy number Cost, replacement price Price effective from Koha item type Public note
Written off       Central Library Central Library 06/07/2015 Cen Lib/Ret 0.00 1 651.7 BAL 941542 06/12/2017 20/11/2017 1 0.00 06/07/2015 English Books W/d List No. 6884/ 8; dtd 05/09/2020

© Delhi Public Library
Hit Counter
free hit counter